000 00873cam a22002651 4500
001 28956
003 BD-RjUL
005 20211209051343.0
008 140401r19661932nyu 001 0 eng
035 _a(BD-RjUL)29040
035 _a(OCoLC)371391
040 _aDLC
_cODaWU
_dOCoLC
_dDLC
_beng
041 _aeng
082 _a149.2
_bSEP 1966
100 1 _aSellars, Roy Wood,
_d1880-1973.
_988471
245 1 4 _aThe philosophy of physical realism /
_cRoy Wood Sellars
260 _aNew York :
_bRussell & Russell,
_c1966.
300 _axiv, 533 p. :
_c24 cm.
500 _aFirst published in 1932. Reissued 1966 with 2 additional chapters: American critical realism and British theories of sense--perception, by G. E. Moore and others.
504 _aIncludes index
650 0 _aRealism.
_988472
942 _2ddc
_cBK
999 _c28956
_d28956